| 000 | nam a22 7a 4500 | ||
|---|---|---|---|
| 999 |
_c126897 _d126897 |
||
| 008 | 170905b xxu||||| |||| 00| 0 eng d | ||
| 050 | _aBR749.F514 | ||
| 100 |
_aFinney, John _935602 |
||
| 245 |
_aRecovering the past _bCeltic and Roma mission _c/ John Finney |
||
| 260 |
_aLondon _bDarton, Longman and Todd Ltd _c1996 |
||
| 300 |
_aviii, 148p. ; _c22cm. |
||
| 650 |
_aEngland _xChurch history _y5th to 11th century _935603 |
||
| 942 |
_2lcc _cMONOGRAPH |
||